00551nam a2200193 a 4500001001300000003000900013005001700022008004100039020002300080082001900103100002400122245005200146260004000198300000900238500003500247505001800282650003300300700002400333nice12345678IN_TiNIC20260116014133.0090109s2008 newa grp 000 0 eng  a8125034315 c29500a305.35413bMOH aMohanty, Sachinanda aGender and Cultural Identity in Colonial Orissa aNew Delhi bOrient Blackswan c2008 a176p aincludes index and biblioraphy2 abiblio, index aGender Discrimination-Orissa1 aMohanty, Sachinanda